Fortune favors the brave - Fujitsu : Thirty years in computers

Gardado en:
Detalles Bibliográficos
Autor Principal: Taiyu, Kobayashi
Formato: Libro
Idioma:Undetermined
Publicado: Tokyo Toyo Keizai Shinposha 1983
Những chủ đề:
Các nhãn: Engadir etiqueta
Sen Etiquetas, Sexa o primeiro en etiquetar este rexistro!
Thư viện lưu trữ: Trung tâm Học liệu Trường Đại học Cần Thơ
LEADER 00609nam a2200217Ia 4500
001 CTU_93778
008 210402s9999 xx 000 0 und d
082 |a 338.8 
082 |b K75 
100 |a Taiyu, Kobayashi 
245 0 |a Fortune favors the brave - Fujitsu : 
245 0 |b Thirty years in computers 
245 0 |c Taiyu Kobayashi ; Translated by Richard Cleary 
260 |a Tokyo 
260 |b Toyo Keizai Shinposha 
260 |c 1983 
650 |a Corporations,Corporations 
650 |x Computers 
650 |z Japan 
904 |i Ngoc 
980 |a Trung tâm Học liệu Trường Đại học Cần Thơ